[Event "AUTO-ELITE-2572"]
[Site "http://www.queenalice.com/game.php?id=1858407"]
[Date "2025.6.6"]
[Round "2"]
[White "Ahlkhanvio"]
[Black "beteljeuxe"]
[Result "1/2-1/2"]
[WhiteElo "2571"]
[BlackElo "2555"]

1. d4 Nf6 2. Bf4 d5 3. e3 c5 4. dxc5 e6 5. b4 a5 6. c3 Nc6 7. Bb5 Bd7 8. Qb3 Nh5
9. Ne2 g5 10. Bxc6 bxc6 11. Be5 f6 12. Bd6 Bxd6 13. cxd6 O-O 14. O-O Qb8 15. Nd2
Qxd6 16. a3 Ng7 17. c4 Rfb8 18. c5 Qe5 19. Nd4 Nf5 20. Nxf5 Qxf5 21. e4 Qe5 22.
exd5 cxd5 23. Rfe1 Qf4 24. c6 Bxc6 25. Rxe6 Qxd2 26. Rxc6 axb4 27. a4 Re8 28. g3
Re1+ 29. Rxe1 Qxe1+ 30. Kg2 Qe4+ 31. Kg1 Kg7 32. Rc5 Rd8 33. a5 h5 34. h3 Kg6
35. a6 Ra8 36. Ra5 Kh6 37. a7 Qe1+ 38. Kg2 Qe4+ 39. Kg1 Qe7 40. Rxd5 Qe1+ 41.
Kg2 Qe4+ 42. Kh2 Rxa7 43. Rd8 Qe2 44. Kg2 Qe4+ 45. Kh2 Qe2 46. Rh8+ Kg6 1/2-1/2

[Event "AUTO-ELITE-2572"]
[Site "http://www.queenalice.com/game.php?id=1858408"]
[Date "2025.6.6"]
[Round "2"]
[White "beteljeuxe"]
[Black "Ahlkhanvio"]
[Result "1/2-1/2"]
[WhiteElo "2548"]
[BlackElo "2571"]

1. e4 e6 2. d4 d5 3. Nc3 Nf6 4. e5 Nfd7 5. f4 c5 6. Nf3 Nc6 7. Be3 a6 8. Qd2 b5
9. a3 Qa5 10. Be2 b4 11. Nd1 Rb8 12. c3 bxc3 13. Nxc3 cxd4 14. Nxd4 Nxd4 15.
Bxd4 Bc5 16. Rb1 Bxd4 17. Qxd4 Qb6 18. Qxb6 Nxb6 19. b3 Ke7 20. Kd2 f6 21. Na4
Rf8 22. exf6+ Rxf6 23. g3 Kd6 24. Nb2 a5 25. Nd3 Ba6 26. Rhf1 Bxd3 27. Bxd3 Nd7
28. b4 axb4 29. Rxb4 Rff8 30. Kc3 Nc5 31. Rfb1 Rxb4 32. axb4 Nxd3 33. Kxd3 h6
34. h4 g5 35. fxg5 hxg5 36. h5 Rf3+ 37. Ke2 Rxg3 38. b5 Kc7 39. Rh1 Ra3 40. h6
Ra8 41. Kf3 Kb6 42. Kg4 e5 43. Kf5 e4 44. Ke5 Re8+ 45. Kxd5 e3 46. h7 e2 47. Re1
Rh8 48. Rxe2 Rxh7 49. Rb2 g4 50. Rg2 Kxb5 51. Rxg4 Rh5+ 1/2-1/2

[Event "AUTO-ELITE-2586"]
[Site "http://www.queenalice.com/game.php?id=1858468"]
[Date "2025.6.7"]
[Round "1"]
[White "checkers4me"]
[Black "Ahlkhanvio"]
[Result "0-1"]
[WhiteElo "2165"]
[BlackElo "2570"]

1. d4 d5 2. c4 e6 3. cxd5 exd5 4. Nf3 c6 5. Nc3 Bf5 6. Bf4 Bd6 7. Bxd6 Qxd6 8.
e3 Nd7 9. Bd3 Bxd3 10. Qxd3 Ngf6 11. O-O O-O 12. Rac1 Rfe8 13. Rfe1 Ne4 14. Qc2
Ndf6 15. Ne5 Nxc3 16. Qxc3 Ne4 17. Qc2 Qe7 18. f3 Nd6 19. Re2 Qg5 20. Rce1 h6
0-1